LDR 00652naa#a2200181#i#450# 001 EN\\bibl\122562 005 20260602015341.2 011 ## _a2304-9707 100 ## _a20260519b2026####ek#y0engy0150####ca 101 0# _aRUS 102 ## _aRU 200 1# _aPost-traumatic stress disorder: epidemiology, systemic problems and the role of the general practitioner in overcoming the shortage of care _eJournal article 210 1# _aMoscow _cPublishing house "Logos Press" _d2026 215 ## _a2 с. 608 ## _aJournal article _2local 686 ## _aКлиническая медицина. 76.29 _2grnti 700 #1 _aSamara _gSvetlana Aleksandrovna 856 4# _alogospress.editorum.ru _u